| 000 | 00463nam a2200205Ia 4500 | ||
|---|---|---|---|
| 008 | 210210b1931 xxu||||| |||| 00| 0 eng d | ||
| 041 | _aeng | ||
| 082 | _a330/425 | ||
| 100 | _aSMART (W) | ||
| 245 | _aIntroduction to the theory of value | ||
| 260 |
_aLondon _bMacmillan & Co. Ltd. _c1931 |
||
| 650 | _avalue | ||
| 650 | _ato | ||
| 650 | _atheory | ||
| 650 | _athe | ||
| 650 | _aof | ||
| 650 | _aIntroduction | ||
| 690 | _aEconomics | ||
| 906 | _a003828 | ||
| 999 |
_c120975 _d120975 |
||